| 000 | 00603nam a2200229Ia 4500 | ||
|---|---|---|---|
| 008 | 101110s9999 xx 000 0 und d | ||
| 041 | _aENGLISH | ||
| 082 | _bSR28907 | ||
| 100 | _aKuchcal M.C. | ||
| 245 | _aSecretarial practice, 7th edition | ||
| 260 |
_c2005 _bVikas Publishing House, Pvt Ltd, New Delhi |
||
| 300 | _a644 | ||
| 365 | _b175 | ||
| 520 | _aCommerce | ||
| 520 | _aUGC Xth Plan (2006-2007) | ||
| 546 | _aENGLISH | ||
| 630 | _aSecretarial practice, 7th edition | ||
| 650 | _aCommerce | ||
| 655 | _aCommerce | ||
| 730 | _aSecretarial practice, 7th edition | ||
| 942 | _cBOOK | ||
| 999 |
_c821425 _d821422 |
||